00715nam a22001937a 4500999001900000005001700019010001500036020003100051035001400082037000900096082000800105100002100113245009100134260004200225270007700267300002200344942002200366952013300388 c184048d18404820220112111945.0 aENG-131071 a978-93-52-534-906c1165.00 aEN-114603 bDBAD a530 aVivekanandan, P. aISC PHYSICS BOOK II:cP. Vivekanandan, Anand V. Karthik, D.K. Banerjeebfor Class XII/ aNew DelhibS Chand School Booksc2013 bNew DelhiaA-27, 2nd Floor, Mohan Co-operative Industrial Estatee110044 a1462p.c24cm(pbk) 2ddccENh530mVIV 001040708NFICaLbLd2022-01-12eDBAD/PUBg1165.00l8m4o530 VIVpEN-114603r2024-11-19 00:00:00s2024-10-16t1v1165.00yEN